Statystyki dla Sąsiedzi Niemiec w 15 sekund.

Kliknij tutaj aby rozwiązać quiz!

Ogólne statystyki

  • Ten quiz został rozwiązany 285 razy
  • Średni wynik to 5 z 9

Statystyki odpowiedzi

Odpowiedź% Poprawnych
8.Polska
93%
5.Francja
65%
2.Belgia
62%
1.Austria
60%
6.Holandia
59%
3.Czechy
49%
4.Dania
43%
9.Szwajcaria
43%
7.Luksemburg
38%

Rozkład punktacji

Percentyl według liczby udzielonych odpowiedzi

Procent ludzi z każdym wynikiem

Twoja historia wyników

Nie rozwiązałeś tego quizu